| 000 | 00397 a2200133 4500 | ||
|---|---|---|---|
| 005 | 20250609161457.0 | ||
| 020 | _a3 430 12382 8 | ||
| 082 | _aREF 430.03 EIC | ||
| 100 | _aEICHBORN, R. V. | ||
| 245 | _aWirtschafts-Worterbuch : I English/Deutsch, Dritte, Volling neu bearbeitete Auflage. | ||
| 260 |
_aAustralia, _bEcon Verlag GmbH, _c1961. |
||
| 300 |
_axxiv, 1056p.: ill.; _c22cm. |
||
| 942 |
_2ddc _cBKS |
||
| 999 |
_c3554 _d3554 |
||